| 000 | 00371nam a2200157Ia 4500 | ||
|---|---|---|---|
| 003 | OSt | ||
| 005 | 20240311120833.0 | ||
| 008 | 170523s9999 xx 000 0 und d | ||
| 020 | _a978-1259026713 | ||
| 040 | _ciimtu meerut | ||
| 100 | _aO`O`BRIEN- JAMES A | ||
| 245 | 0 | _aMANAGEMENT INFORMATION SYSTEM | |
| 260 | _bTATA MC GRAW HILL | ||
| 260 | _c2004 | ||
| 942 |
_2ddc _c02 |
||
| 999 |
_c1352 _d1352 |
||